Catalog

Record Details

Catalog Search



You don't own me  Cover Image Large Print Book Large Print Book

You don't own me / Mary Higgins Clark and Alafair Burke.

Clark, Mary Higgins, (author.). Burke, Alafair, (author.).

Summary:

"'Queen of Suspense' Mary Higgins Clark and Alafair Burke are back with their fifth enthralling mystery in the New York Times bestselling Under Suspicion series; You Don't Own Me finds television producer Laurie Moran stopping at nothing to solve the murder of a celebrity doctor--even as she finds herself in grave danger as a mysterious stalker plots his next move. When we last saw Laurie Moran, she had recently become engaged to her show's former host, Alex Buckley. Since then, the two have been happily planning a summer wedding and honeymoon, preparing for Alex's confirmation to a federal judicial appointment, and searching for the perfect New York City home for their new life together. But then Laurie is approached by Robert and Cynthia Bell, parents of Dr. Martin Bell, a famously charming and talented physician who was shot dead as he pulled into the driveway of his Greenwich Village carriage house five years ago. The Bells are sure that Martin's disgraced and erratic wife, Kendra, carried out the murder. Determined to prove Kendra's guilt and win custody over their grandchildren, they plead with Laurie to feature their son's case on "Under Suspicion," ensuring her that Kendra is willing to cooperate. Kendra has lived under a blanket of suspicion since Martin's death, with the tabloid media depicting her as a secretive, mentally unstable gold-digger. Laurie's show is a chance for her to clear her name. But unbeknownst to the Bells, Kendra has already refused once before to go forward with a re-investigation of her husband's murder, and her statements to the contrary only add to the appearance of guilt. But once Laurie dives into the case, she learns that Martin wasn't the picture-perfect husband, father, and doctor he appeared to be and was carrying secrets of his own. And what does the web of lies ensnaring the Bell family have to do with a dangerous stranger, who gazes at Laurie from afar and thinks, What a pretty girl, I'm sure she's going to be missed."-- Provided by publisher.

Record details

  • ISBN: 9781432858742
  • ISBN: 1432858742
  • Physical Description: 407 pages (large print) ; 23 cm.
  • Edition: Large print edition.
  • Publisher: Waterville, Maine : Thorndike Press, a part of Gale, a Cengage Company, ©2018.

Content descriptions

General Note:
"Thorndike Press large print basic."
Sequel to: Every breath you take.
Subject: Television personalities > Fiction.
Cold cases (Criminal investigation) > Fiction.
Reality television programs > Fiction.
Murder > Investigation > Fiction.
Women television producers and directors > Fiction.
Stalking victims > Fiction.
Family secrets > Fiction.
Television programs. > Fiction.
Genre: Large type books.
Romantic suspense fiction.
Detective and mystery fiction.
Thrillers (Fiction)

Available copies

  • 1 of 1 copy available at scottsboropl.

Holds

  • 0 current holds with 1 total copy.
Show Only Available Copies
Location Call Number / Copy Notes Barcode Shelving Location Status Due Date
scottsboropl F Cla 32269001091712 Adult - Fiction Available -

LDR 03978nam a22005418i 4500
001149243
003CONS
00520181127103305.0
008181004t20182018meu d 000 1 eng
010 . ‡a 2018045206
020 . ‡a9781432858742 ‡q(large print : hardcover)
020 . ‡a1432858742 ‡q(large print : hardcover)
035 . ‡a(CPomAG)LMN609479
042 . ‡apcc
043 . ‡an-us-ny
05010. ‡aPS3553.L287 ‡bY69 2018b
08200. ‡a813/.6 ‡223
1001 . ‡aClark, Mary Higgins, ‡eauthor.
24510. ‡aYou don't own me / ‡cMary Higgins Clark and Alafair Burke.
2463 . ‡aYou do not own me
250 . ‡aLarge print edition.
264 1. ‡aWaterville, Maine : ‡bThorndike Press, a part of Gale, a Cengage Company, ‡c©2018.
300 . ‡a407 pages (large print) ; ‡c23 cm.
336 . ‡atext ‡btxt ‡2rdacontent
337 . ‡aunmediated ‡bn ‡2rdamedia
338 . ‡avolume ‡bnc ‡2rdacarrier
340 . ‡nlarge print ‡2rda
4901 . ‡aAn under suspicion novel
500 . ‡a"Thorndike Press large print basic."
500 . ‡aSequel to: Every breath you take.
520 . ‡a"'Queen of Suspense' Mary Higgins Clark and Alafair Burke are back with their fifth enthralling mystery in the New York Times bestselling Under Suspicion series; You Don't Own Me finds television producer Laurie Moran stopping at nothing to solve the murder of a celebrity doctor--even as she finds herself in grave danger as a mysterious stalker plots his next move. When we last saw Laurie Moran, she had recently become engaged to her show's former host, Alex Buckley. Since then, the two have been happily planning a summer wedding and honeymoon, preparing for Alex's confirmation to a federal judicial appointment, and searching for the perfect New York City home for their new life together. But then Laurie is approached by Robert and Cynthia Bell, parents of Dr. Martin Bell, a famously charming and talented physician who was shot dead as he pulled into the driveway of his Greenwich Village carriage house five years ago. The Bells are sure that Martin's disgraced and erratic wife, Kendra, carried out the murder. Determined to prove Kendra's guilt and win custody over their grandchildren, they plead with Laurie to feature their son's case on "Under Suspicion," ensuring her that Kendra is willing to cooperate. Kendra has lived under a blanket of suspicion since Martin's death, with the tabloid media depicting her as a secretive, mentally unstable gold-digger. Laurie's show is a chance for her to clear her name. But unbeknownst to the Bells, Kendra has already refused once before to go forward with a re-investigation of her husband's murder, and her statements to the contrary only add to the appearance of guilt. But once Laurie dives into the case, she learns that Martin wasn't the picture-perfect husband, father, and doctor he appeared to be and was carrying secrets of his own. And what does the web of lies ensnaring the Bell family have to do with a dangerous stranger, who gazes at Laurie from afar and thinks, What a pretty girl, I'm sure she's going to be missed."-- ‡cProvided by publisher.
650 0. ‡aTelevision personalities ‡vFiction.
650 0. ‡aCold cases (Criminal investigation) ‡vFiction.
650 0. ‡aReality television programs ‡vFiction.
650 0. ‡aMurder ‡xInvestigation ‡vFiction.
650 0. ‡aWomen television producers and directors ‡vFiction.
650 0. ‡aStalking victims ‡vFiction.
650 0. ‡aFamily secrets ‡vFiction.
650 1. ‡aTelevision programs. ‡vFiction.
655 0. ‡aLarge type books.
655 7. ‡aRomantic suspense fiction. ‡2gsafd
655 7. ‡aDetective and mystery fiction. ‡2lcgft
655 7. ‡aThrillers (Fiction) ‡2lcgft
7001 . ‡aBurke, Alafair, ‡eauthor.
8001 . ‡aClark, Mary Higgins. ‡tUnder suspicion novel.
914 . ‡aSCP_kt
959 . ‡i32269001091712 ‡lF Cla ‡aAdult - Fiction ‡tFiction ‡g38.00
852 . ‡p32269001091712 ‡jF Cla ‡gAdult - Fiction ‡cFiction ‡y38.00 ‡bSBPL
901 . ‡a149243 ‡bUnknown ‡c149243 ‡tbiblio

Additional Resources